00346nam a2200133 a 45000010010000000030011000100080041000210350026000620820014000881000017001022450032001192600044001516500017001950000-9288ELIB.Books110520 0000  a(ELIB.Books)0000-9440 a232 bCav aCave, Sydney aWhat Shall we say of Christ bNew York: Fleming H. Revell Company c0 aJesus Christ